000 00374nam a2200145Ia 4500
005 20251222141852.0
008 251222s9999||||xx |||||||||||||| ||spa||
020 _a8493147036
082 _a791.430.233.092/D98
100 _aDurán, José Antonio
245 0 _aCesáreo González, El Empresario - Espectáculo:
250 _a1ra.ed.
264 _bJ.A. Durán
942 _cLIB
999 _c7770
_d7770